[Event "Lallemand Memorial"]
[Site "Chalons en Champagne"]
[Date "2011.05.21"]
[Round "2"]
[White "Chittier, Celine"]
[Black "Safranska, Anda"]
[Result "0-1"]
[WhiteElo "1889"]
[BlackElo "2229"]
[PlyCount "82"]
[EventDate "2011.05.21"]
[EventType "swiss (rapid)"]
[EventRounds "9"]
[EventCountry "FRA"]
[SourceTitle "CBM 142 Extra"]
[Source "ChessBase"]
[SourceDate "2011.06.27"]
[SourceVersion "1"]
[SourceVersionDate "2011.06.27"]
[SourceQuality "1"]

1. Nf3 g6 2. d4 Bg7 3. e4 d6 4. Be3 Nf6 5. Nc3 Ng4 6. Bd2 0-0 7. Bc4 c6 8. 0-0 Nd7 9. h3 Ngf6 10. e5 Nd5 11. Re1 N7b6 12. Bb3 Nxc3 13. bxc3 d5 14. Bf4 h6 15. Nd2 Be6 16. Qe2 Qd7 17. Rad1 Kh7 18. c4 dxc4 19. Nxc4 Nd5 20. Bd2 b5 21. Nb2 a5 22. Bxd5 Bxd5 23. Nd3 Bc4 24. Qe3 Bxd3 25. Qxd3 e6 26. c3 Qd5 27. Qc2 c5 28. Bf4 cxd4 29. Rxd4 Qc5 30. Rd7 Rac8 31. Rb7 Rc7 32. Rxc7 Qxc7 33. Qb3 Qc5 34. Be3 Qxe5 35. Bd2 Qd6 36. Re2 Qc6 37. Re3 Rd8 38. Qc2 Qd5 39. Be1 Qd1 40. Qb2 b4 41. cxb4 Bxb2 0-1

[Event "FRA-ch U16 Girls"]
[Site "Hyeres"]
[Date "2002.??.??"]
[Round "8.10"]
[White "Chittier, Celine"]
[Black "Cid, Nadia"]
[Result "0-1"]
[WhiteElo "1800"]
[BlackElo "1840"]
[PlyCount "80"]
[EventDate "2002.04.05"]
[EventType "swiss"]
[EventRounds "9"]
[EventCountry "FRA"]
[SourceTitle "EXT 2003"]
[Source "ChessBase"]
[SourceDate "2002.11.25"]
[SourceVersion "1"]
[SourceVersionDate "2002.11.25"]
[SourceQuality "1"]

1. e4 e5 2. Nf3 Nc6 3. Bc4 Bc5 4. d3 Nf6 5. 0-0 d6 6. Be3 Bb6 7. Nc3 Bg4 8. Nd5 Nd4 9. Kh1 Bxf3 10. gxf3 Nxd5 11. Bxd5 c6 12. Bb3 Qf6 13. Rg1 h6 14. Rg3 g5 15. c3 Ne6 16. Qd2 Nf4 17. Rag1 Bc7 18. Bxf4 exf4 19. Rg4 0-0-0 20. Qd1 Rdg8 21. h4 Rd8 22. hxg5 hxg5+ 23. Kg2 d5 24. Kf1 dxe4 25. fxe4 Rhg8 26. f3 Bb6 27. Rh1 Rh8 28. Ke2 Qe7 29. Rg2 f5 30. Rgh2 Rxh2+ 31. Rxh2 fxe4 32. fxe4 Qf6 33. Qf1 g4 34. Bd1 f3+ 35. Ke1 Qf4 36. Bxf3 Qxh2 37. Bxg4+ Kb8 38. Qe2 Qg3+ 39. Kd2 Rf8 40. Bf5 Rh8 0-1